000 01736nam a2200229Ia 4500
008 260220t9999||||xx |||||||||||||| ||spa||
040 _aPY-SlUNAC
_bspa
_erda
041 _aspa
082 _a676
_bP214p
245 0 _aEl papel y el consumo sostenible
264 _aAsunción :
_bAlter Vida,
_c[Fecha de publicación no identificada].
300 _a1 volumen
520 _aEn "El papel y el consumo sostenible", Asunción presenta un análisis crítico sobre la producción y el uso del papel, destacando su impacto ambiental y social. La obra examina las prácticas actuales de consumo, evidenciando la necesidad de adoptar un enfoque más sostenible que minimice la deforestación y la contaminación. A través de un enfoque interdisciplinario, se discuten alternativas como el reciclaje, el uso de papel reciclado y la implementación de políticas que fomenten la responsabilidad ambiental entre consumidores y productores. El autor también subraya la importancia de la educación ambiental como herramienta para cambiar hábitos de consumo, instando a los lectores a reflexionar sobre sus elecciones diarias. Con un tono accesible, Asunción invita a repensar el papel en nuestra vida cotidiana, proponiendo un camino hacia un futuro más sostenible que priorice la conservación de recursos naturales y la equidad social. Este libro se convierte en un recurso valioso para académicos, profesionales y cualquier persona interesada en la sostenibilidad.
653 _aConsumo sostenible
653 _aDesarrollo sostenible
653 _aMedio ambiente
942 _b2026/02/17
_cBK
999 _c8838
_d8838